[Event "2nd Gideon Japhet Mem Op"]
[Site "Jerusalem ISR"]
[Date "2014.07.20"]
[Round "4.12"]
[White "Zlatin, Alexander"]
[Black "Aharon, Ofir"]
[Result "0-1"]
[BlackTitle "FM"]
[WhiteElo "1933"]
[BlackElo "2367"]
[WhiteFideId "2810549"]
[BlackFideId "2800683"]
[EventDate "2014.07.16"]

1. e4 c5 2. c3 d5 3. exd5 Qxd5 4. d4 g6 5. Nf3 Bg7 6. Be3 cxd4 7. cxd4 Nf6 8.
Nc3 Qa5 9. Qb3 O-O 10. Bc4 Ne4 11. O-O Nd6 12. Be2 Bf5 13. Rac1 Nc6 14. d5 Ne5
15. Nd4 Bd3 16. Rfd1 Bc4 17. Qc2 Rac8 18. Nb3 Qc7 19. Nd4 Qa5 20. Nb3 Qc7 21.
Nd4 Qd7 22. Qd2 Nf5 23. h3 Bxe2 24. Qxe2 Nxe3 25. Qxe3 Nc4 26. Qe2 a6 27. Rc2
Nxb2 28. Rxb2 Rxc3 29. Qd2 Rc4 30. Rb4 Rxb4 31. Qxb4 Qxd5 32. Rd2 a5 33. Qb3
Qxb3 34. Nxb3 b6 35. a4 Rc8 36. Rd3 f5 37. Kf1 Rc4 38. Rd8+ Kf7 39. Rb8 Rb4 40.
Nd2 Bd4 41. Nf3 Bf6 42. g3 Ke6 0-1

[Event "2nd Gideon Japhet Mem Op"]
[Site "Jerusalem ISR"]
[Date "2014.07.20"]
[Round "4.13"]
[White "Bakalchuk, Johnatan"]
[Black "Gershkowich, David"]
[Result "0-1"]
[BlackTitle "FM"]
[WhiteElo "2273"]
[BlackElo "2146"]
[WhiteFideId "2810301"]
[BlackFideId "2803356"]
[EventDate "2014.07.16"]

1. e4 c5 2. Nf3 d6 3. d4 cxd4 4. Nxd4 Nf6 5. Nc3 g6 6. Be3 Bg7 7. Be2 Nc6 8. O-O
O-O 9. Qd2 Bd7 10. Rfd1 Rc8 11. f3 a6 12. a4 Re8 13. Nxc6 Bxc6 14. a5 Nd7 15.
Bd4 Bf8 16. Nd5 e6 17. Nb6 Nxb6 18. Bxb6 Qe7 19. Rac1 d5 20. exd5 Bxd5 21. c4
Bc6 22. Rb1 e5 23. b4 e4 24. Re1 exf3 25. Bxf3 Qh4 26. Bxc6 bxc6 27. c5 Bg7 28.
Rf1 Bd4+ 29. Kh1 Be5 30. g3 Bxg3 31. Qg2 Re3 32. Qa2 Kh8 33. Rb2 Be5 34. Rg2 Qe4
35. Qb1 Qh4 36. Qa2 Rh3 37. Qe2 f6 38. b5 cxb5 39. Rf3 Rxf3 40. Qxf3 Bd4 41. Re2
Qg5 42. Re1 Bxc5 43. Qb7 Rf8 44. Qc6 Qd2 45. Rf1 Qd3 46. Rf3 Qd1+ 47. Kg2 Qd2+
48. Kh3 Bd6 49. Bg1 g5 50. Rf2 Qd3+ 51. Kg2 Be5 52. Rf3 Qe2+ 53. Bf2 Qc4 54. Qb7
Rd8 55. Qe7 Qd5 56. h3 Rg8 57. Bg3 g4 58. hxg4 Rxg4 59. Kh2 Qxf3 0-1

[Event "2nd Gideon Japhet Mem Op"]
[Site "Jerusalem ISR"]
[Date "2014.07.20"]
[Round "4.14"]
[White "Gukhvat, Peter"]
[Black "Erenberg, Ariel"]
[Result "1/2-1/2"]
[WhiteElo "2255"]
[BlackElo "2131"]
[WhiteFideId "2805090"]
[BlackFideId "2811634"]
[EventDate "2014.07.16"]

1. d4 d5 2. Nf3 Nf6 3. e3 c5 4. c3 e6 5. Bd3 Be7 6. O-O O-O 7. Nbd2 b6 8. e4
dxe4 9. Nxe4 Bb7 10. Nxf6+ Bxf6 11. dxc5 bxc5 12. Qe2 Qe7 13. Ne5 Nd7 14. Ng4
Rfd8 15. Be3 Nb6 16. Rad1 Rac8 17. Nxf6+ Qxf6 18. c4 e5 19. Qg4 Qe7 20. Bf5 Rxd1
21. Rxd1 Rd8 22. Bxc5 Rxd1+ 23. Qxd1 Qg5 24. g3 h6 25. Bd3 e4 26. Be3 Qe7 27.
Bf1 Nd7 28. Qd4 Ne5 29. Qxa7 Nf3+ 30. Kg2 Qd7 31. h3 Ne1+ 32. Kh1 Nf3 33. Qb8+
Kh7 34. g4 Qd1 35. Kg2 Bc6 36. Qc7 Ne1+ 37. Kg3 Ba8 38. Qxf7 Qd6+ 39. Qf4 Qe7
40. Qf5+ g6 41. Qf4 Qg7 42. Be2 g5 43. Qd6 Qf7 44. Bc5 Nd3 45. Bxd3 Qf3+ 46. Kh2
exd3 47. Qd7+ Kg8 48. Qd8+ Kh7 49. Qd7+ Kg8 50. Qd8+ Kh7 51. Qd6 1/2-1/2

[Event "2nd Gideon Japhet Mem Op"]
[Site "Jerusalem ISR"]
[Date "2014.07.20"]
[Round "4.15"]
[White "Kali, Omer"]
[Black "Gamayev, Oleg"]
[Result "1-0"]
[WhiteElo "2025"]
[BlackElo "2181"]
[WhiteFideId "2812436"]
[BlackFideId "2802813"]
[EventDate "2014.07.16"]

1. e4 d6 2. d4 Nf6 3. Nc3 e5 4. Nf3 exd4 5. Nxd4 Be7 6. Be2 O-O 7. Bf4 c6 8. Qd2
Re8 9. O-O-O b5 10. Bf3 b4 11. Nce2 Qa5 12. Kb1 Bd7 13. Nb3 Qb6 14. Bxd6 Bxd6
15. Qxd6 Be6 16. Qd4 Qa6 17. Qxb4 Nbd7 18. Qa5 Qb7 19. Nc5 Nxc5 20. Qxc5 Rab8
21. b3 Nd7 22. Qc3 Qb6 23. Nd4 Nc5 24. Nxe6 Nxe6 25. Rhf1 c5 26. Rd5 Qa6 27.
Rfd1 c4 28. Qa5 Qc8 29. Bg4 Qc6 30. Bxe6 fxe6 31. Qc5 Qb7 32. Rd7 Qb4 33. Qxb4
Rxb4 34. c3 Rb5 35. b4 a5 36. a3 axb4 37. cxb4 Rg5 38. g3 Rh5 39. h4 g5 40. hxg5
Rh2 41. Rd8 Rxd8 42. Rxd8+ Kf7 43. Rd2 Kg6 44. Kc2 Rh1 45. Rd1 Rh2 46. Rf1 Kxg5
47. Kc3 Kg4 48. Kxc4 Kf3 49. b5 e5 50. b6 Rh6 51. Rb1 Rc6+ 52. Kd5 Rc8 53. b7 1-0

[Event "2nd Gideon Japhet Mem Op"]
[Site "Jerusalem ISR"]
[Date "2014.07.20"]
[Round "4.16"]
[White "Haimovich, Tal"]
[Black "Calabrese, Gabriel"]
[Result "1-0"]
[WhiteTitle "IM"]
[WhiteElo "2369"]
[BlackElo "2049"]
[WhiteFideId "2801698"]
[BlackFideId "2802350"]
[EventDate "2014.07.16"]

1. e4 c5 2. Nf3 e6 3. d4 cxd4 4. Nxd4 a6 5. Nc3 Qc7 6. g3 Bb4 7. Bd2 Nf6 8. Bg2
Nc6 9. Nxc6 dxc6 10. O-O Bc5 11. Bg5 e5 12. Bxf6 gxf6 13. Qf3 Qe7 14. Qh5 Be6
15. Na4 Bd4 16. c3 Ba7 17. b3 O-O-O 18. Qe2 h5 19. h4 Bg4 20. Bf3 Bxf3 21. Qxf3
Rd2 22. b4 Rg8 23. Kg2 b5 24. Nc5 Bxc5 25. bxc5 Qxc5 26. a4 b4 27. cxb4 Qxb4 28.
Rab1 Qd4 29. Rfd1 Rg6 30. Rxd2 Qxd2 31. Qb3 Qe2 32. Qb8+ Kd7 33. Rb7+ Ke6 34.
Qe8+ Kd6 35. Qe7# 1-0

[Event "2nd Gideon Japhet Mem Op"]
[Site "Jerusalem ISR"]
[Date "2014.07.20"]
[Round "4.17"]
[White "Poleg, Matan"]
[Black "Kerner, Michael"]
[Result "0-1"]
[WhiteElo "2157"]
[BlackElo "2034"]
[WhiteFideId "2811472"]
[BlackFideId "2814064"]
[EventDate "2014.07.16"]

1. d4 Nf6 2. c4 g6 3. g3 c6 4. Bg2 d5 5. cxd5 cxd5 6. Nf3 Bg7 7. Nc3 O-O 8. Ne5
Nc6 9. O-O Be6 10. Nxc6 bxc6 11. Bf4 Nd7 12. Na4 Qa5 13. a3 Rac8 14. Rc1 Qb5 15.
b3 Rfd8 16. Nc5 Nxc5 17. Rxc5 Qa6 18. a4 Bg4 19. Re1 Qb6 20. h3 Bd7 21. Be3 Qb4
22. Rc1 Rb8 23. Qc2 Qxb3 24. Qc5 Qxa4 25. Ra1 Qb4 26. Qxa7 Qd6 27. Ra2 Bf5 28.
g4 Be6 29. Rc1 h5 30. Rac2 Qd7 31. Qxd7 Bxd7 32. gxh5 gxh5 33. Bf3 Rb4 34. Rd1
h4 35. Bg5 Kf8 36. e3 Rc8 37. Kg2 e5 38. dxe5 Bxe5 39. Ra2 f6 40. Bh6+ Ke7 41.
Ra7 Rh8 42. Bf4 Rg8+ 43. Bg4 f5 44. Bxe5 fxg4 45. hxg4 Rbxg4+ 46. Kf3 Rg1 47.
Rd2 Rf8+ 48. Ke2 Ke6 49. Bf4 h3 50. Bh2 Rh1 51. Bg3 h2 52. Kd3 Rg8 53. Bf4 Rg2
54. e4 Re1 55. exd5+ cxd5 56. Ra6+ Ke7 57. Bd6+ Kf7 58. Bxh2 Bb5+ 59. Kd4 0-1

[Event "2nd Gideon Japhet Mem Op"]
[Site "Jerusalem ISR"]
[Date "2014.07.20"]
[Round "4.18"]
[White "Shohat, Yotam"]
[Black "Vaisberg, Michael"]
[Result "0-1"]
[WhiteElo "1880"]
[BlackElo "2122"]
[WhiteFideId "2813955"]
[BlackFideId "2814315"]
[EventDate "2014.07.16"]

1. c4 e5 2. g3 Nf6 3. Bg2 d5 4. cxd5 Nxd5 5. Nf3 Nc6 6. O-O Be7 7. d4 exd4 8.
Nxd4 Nxd4 9. Qxd4 Nf6 10. Qa4+ Nd7 11. Nc3 c6 12. Rd1 O-O 13. Bf4 Qb6 14. Qc2
Nf6 15. e4 Bg4 16. Rd2 Rfd8 17. e5 Rxd2 18. Bxd2 Nd7 19. Re1 Nf8 20. Be4 Rd8 21.
Be3 Qa5 22. f4 Bc5 23. Kg2 h6 24. Bd2 Ne6 25. h3 Nd4 26. Qc1 Be6 27. g4 Bb4 28.
f5 Bd5 29. Bxd5 Bxc3 30. Bxf7+ Kxf7 31. e6+ Ke8 32. Qxc3 Qd5+ 33. Kf2 Nb5 34.
Qxg7 Qxd2+ 35. Re2 Qd4+ 36. Qxd4 Nxd4 37. e7 Rd6 38. Re4 c5 39. h4 h5 40. Kg3
Rf6 41. Re5 b6 42. Kf4 hxg4 43. Kxg4 Rf7 44. h5 Rxe7 45. h6 Nc6 46. Rxe7+ Kxe7
47. h7 Ne5+ 48. Kg5 Nf7+ 49. Kg6 b5 0-1

[Event "2nd Gideon Japhet Mem Op"]
[Site "Jerusalem ISR"]
[Date "2014.07.20"]
[Round "4.19"]
[White "Klar, Nir"]
[Black "Parkhov, Yair"]
[Result "1/2-1/2"]
[WhiteElo "2064"]
[BlackElo "1935"]
[WhiteFideId "2808471"]
[BlackFideId "2813408"]
[EventDate "2014.07.16"]

1. e4 e6 2. d4 d5 3. Nd2 c5 4. Ngf3 cxd4 5. Nxd4 Nc6 6. Bb5 Bd7 7. Bxc6 bxc6 8.
O-O Bd6 9. Re1 Ne7 10. c4 O-O 11. a3 a5 12. b3 Ng6 13. Bb2 Qb8 14. cxd5 cxd5 15.
exd5 exd5 16. N2f3 Rd8 17. Rc1 Ra6 18. g3 Qb7 19. Qd3 h6 20. Re3 Rb6 21. Rc3 Bh3
22. Qe2 Qd7 23. Rc1 Bf4 24. Bc3 Bxe3 25. Qxe3 Re8 26. Qd2 a4 27. b4 Qg4 28. Kh1
Rf6 29. Ng1 Ne5 30. Re1 Re7 31. Qc2 Nd3 32. Qxd3 Rxf2 33. Nge2 Bg2+ 34. Kg1 Be4
35. Qxe4 dxe4 36. Kxf2 e3+ 37. Kg1 Qe4 38. b5 h5 39. Rf1 Rb7 40. Rf4 Qd3 41. Bb4
h4 42. gxh4 Rb6 43. h5 Qh7 44. Rf3 Qxh5 45. Rxe3 Rh6 46. h3 Rg6+ 47. Kf1 Rf6+
48. Ke1 Qg6 49. Rf3 Qb1+ 50. Kf2 Rg6 51. Rg3 Rb6 52. Rf3 Qh1 53. Bc5 Qh2+ 54.
Ke1 Rb7 55. Kd2 Qc7 56. Rc3 Qd8 57. Kc2 Qd5 58. b6 Qe4+ 59. Kb2 f5 60. Rf3 g6
61. Kc3 Kh7 62. Kb4 Qb1+ 63. Kxa4 Rb8 64. Rb3 Qe4 65. Kb4 f4 66. a4 g5 67. a5
Qb7 68. Kb5 Ra8 69. Kb4 Qa6 70. Ra3 f3 71. Rxf3 Qxa5+ 72. Kc4 Qa4+ 73. Kd3 Qa6+
74. Ke3 Kg6 75. Kf2 Qb7 76. Re3 Qd5 77. Re6+ Kf7 78. Re7+ Kg6 79. Re6+ Kf7 80.
Bd6 Ra6 81. Be5 Ra1 82. Rf6+ Ke8 83. Rd6 Qxe5 84. Re6+ Qxe6 85. Nxe6 Rb1 86.
Nc7+ Kd7 87. Nd5 Kc6 88. Nec3 Rb2+ 89. Kg3 Rd2 90. Kf3 Kb7 91. Ne3 Rd4 92. Ncd5
Rh4 93. Kg3 Rd4 94. Ne7 Kxb6 95. N7f5 Ra4 96. Kf3 Kb7 1/2-1/2

[Event "2nd Gideon Japhet Mem Op"]
[Site "Jerusalem ISR"]
[Date "2014.07.20"]
[Round "4.20"]
[White "Shimonovich, Yoav"]
[Black "Hochman, Elnatan"]
[Result "1/2-1/2"]
[WhiteElo "2102"]
[BlackElo "2010"]
[WhiteFideId "2809702"]
[BlackFideId "2813130"]
[EventDate "2014.07.16"]

1. e4 c5 2. Nc3 Nc6 3. f4 g6 4. Nf3 Bg7 5. Bb5 a6 6. Bxc6 dxc6 7. h3 a5 8. Na4
c4 9. Qe2 b5 10. Nc5 Qd6 11. Qf2 e6 12. O-O Ne7 13. d3 cxd3 14. cxd3 O-O 15. Be3
Rd8 16. Qh4 f5 17. e5 Qd5 18. Qxe7 Bf8 19. Qg5 Bxc5 20. Bxc5 Qxc5+ 21. d4 Qd5
22. h4 Ra7 23. h5 Rg7 24. h6 Rc7 25. Rfc1 Qd7 26. Rc5 Bb7 27. Rac1 Qe7 28. Qg3
Rcd7 29. Qe1 a4 30. a3 Qf8 31. Qh4 Qe7 32. Qh2 Rd5 33. Rxd5 Rxd5 34. Qg3 c5 35.
Rxc5 Rxc5 36. dxc5 Qxc5+ 37. Qf2 Qc1+ 38. Ne1 Bd5 39. Kh2 Qd1 40. Qh4 Be4 41.
Nf3 Qd7 42. Qf6 Bxf3 43. gxf3 Qd2+ 44. Kh3 Qd7 45. Kh4 Qf7 46. Kg5 Qd7 47. Kh4
Qf7 48. Qd8+ Qf8 49. Qg5 Qf7 50. Kg3 Qf8 51. Kg2 Kh8 52. Kf1 Kg8 53. Kg2 Kh8 54.
Qh4 Kg8 55. Kf1 Kh8 56. Ke2 Kg8 57. Kd3 Qa8 58. Ke2 Qc8 59. Qe7 Qc2+ 60. Ke1
Qc1+ 61. Kf2 Qd2+ 62. Kf1 Qd1+ 1/2-1/2

[Event "2nd Gideon Japhet Mem Op"]
[Site "Jerusalem ISR"]
[Date "2014.07.21"]
[Round "5.1"]
[White "Reshef, Omer"]
[Black "Battaglini, Gabriel"]
[Result "1-0"]
[BlackTitle "IM"]
[WhiteElo "2275"]
[BlackElo "2430"]
[WhiteFideId "2804336"]
[BlackFideId "621650"]
[EventDate "2014.07.16"]

1. e4 c6 2. d4 d5 3. e5 Bf5 4. h4 h5 5. c4 e6 6. Nc3 Nd7 7. cxd5 cxd5 8. Bd3 Ne7
9. Nb5 Nc6 10. Bxf5 exf5 11. Nf3 Qa5+ 12. Nc3 Bb4 13. Qd3 g6 14. O-O Bxc3 15.
bxc3 Nd8 16. Bg5 Ne6 17. Rfb1 b6 18. a4 Rc8 19. Rb4 O-O 20. Bd2 a6 21. Rab1 Rc7
22. Qe3 f4 23. Qe2 Rfc8 24. Qd1 Rc4 25. Qb3 R8c6 26. Ne1 f6 27. Nc2 fxe5 28. Na3
b5 29. axb5 axb5 30. Rxb5 Qd8 31. Rxd5 Qxh4 32. Rxd7 f3 33. Nxc4 fxg2 34. Qb8+
Nf8 1-0

[Event "2nd Gideon Japhet Mem Op"]
[Site "Jerusalem ISR"]
[Date "2014.07.21"]
[Round "5.2"]
[White "Huzman, Alexander"]
[Black "Gindi, Shachar"]
[Result "1/2-1/2"]
[WhiteTitle "GM"]
[WhiteElo "2589"]
[BlackElo "2319"]
[WhiteFideId "2803828"]
[BlackFideId "2804182"]
[EventDate "2014.07.16"]

1. d4 d5 2. c4 e6 3. Nf3 c5 4. cxd5 exd5 5. Nc3 Nc6 6. g3 Nf6 7. Bg2 Be7 8. O-O
O-O 9. Bg5 c4 10. Ne5 Be6 11. b3 Rc8 12. bxc4 dxc4 13. Rb1 Nxd4 14. Rxb7 Rc5 15.
Bf4 g5 16. Be3 Nxe2+ 17. Qxe2 Rxe5 18. Rd1 Qa5 19. Qb2 Rxe3 20. fxe3 Bc5 21. Rb5
Qc7 22. Ne4 Bxe3+ 23. Kh1 Nxe4 24. Bxe4 c3 25. Qe2 Qc4 26. Qxe3 Qxb5 27. Qxc3
Bxa2 28. Bxh7+ Kxh7 29. Qc2+ Kg7 30. Qxa2 a5 31. Kg2 Re8 32. Rd2 Re1 33. Qb2+
Qxb2 34. Rxb2 Kf6 35. Ra2 Re5 36. Kf3 Kf5 37. Ra4 g4+ 38. Rxg4 Re3+ 39. Kxe3
Kxg4 40. h4 a4 41. Ke4 1/2-1/2

[Event "2nd Gideon Japhet Mem Op"]
[Site "Jerusalem ISR"]
[Date "2014.07.21"]
[Round "5.3"]
[White "Zaltz, Dov"]
[Black "Soffer, Ram"]
[Result "1/2-1/2"]
[BlackTitle "GM"]
[WhiteElo "2254"]
[BlackElo "2447"]
[WhiteFideId "2800578"]
[BlackFideId "2800101"]
[EventDate "2014.07.16"]

1. e4 c5 2. Nf3 e6 3. d4 cxd4 4. Nxd4 Nc6 5. Nc3 Qc7 6. Be3 a6 7. Qd2 Nf6 8.
O-O-O Bb4 9. f3 Ne5 10. Nb3 b5 11. Qf2 Rb8 12. Bc5 Bxc5 13. Qxc5 Qxc5 14. Nxc5
Ke7 15. f4 Ng6 16. e5 Ng4 17. Rd4 Ne3 18. g3 Nf5 19. Rd2 d6 20. exd6+ Nxd6 21.
Be2 Rb6 22. Re1 Kd8 23. f5 Ne5 24. fxe6 fxe6 25. Bh5 Nc4 26. Rdd1 g6 27. Bg4 Re8
28. Nxe6+ Bxe6 29. Bxe6 Rc6 30. Nd5 a5 31. h4 Nb6 32. Nxb6 Rxb6 33. g4 Kc7 34.
Bd5 Rbb8 35. c3 Rbd8 36. Kc2 Rf8 37. Rf1 h5 38. gxh5 Rxf1 39. Rxf1 Nf5 40. hxg6
Rxd5 41. Rg1 Ng7 42. Rf1 Nf5 43. Rg1 Ng7 44. Rg4 Rh5 45. Kd3 Kd6 46. a4 bxa4 47.
Rxa4 Ne6 48. Rg4 Rd5+ 49. Kc4 Rc5+ 50. Kb3 Ng7 51. Rg5 Rxg5 52. hxg5 Kc5 53. Ka4
Kb6 54. b4 axb4 55. Kxb4 Kc6 56. Kc4 Ne6 1/2-1/2

[Event "2nd Gideon Japhet Mem Op"]
[Site "Jerusalem ISR"]
[Date "2014.07.21"]
[Round "5.4"]
[White "Grinberg, Eyal"]
[Black "Kaspi, Alexander"]
[Result "1/2-1/2"]
[BlackTitle "IM"]
[WhiteElo "2201"]
[BlackElo "2438"]
[WhiteFideId "2806070"]
[BlackFideId "2802910"]
[EventDate "2014.07.16"]

1. e4 c5 2. Nf3 d6 3. d4 cxd4 4. Nxd4 Nf6 5. Nc3 a6 6. Be2 e5 7. Nb3 Be7 8. Qd3
Nbd7 9. O-O O-O 10. Rd1 b6 11. Be3 Bb7 12. a4 Rc8 13. Nd5 Nxd5 14. exd5 Bg5 15.
c4 a5 16. Bxg5 Qxg5 17. Nd2 f5 18. Qa3 Nc5 19. b4 axb4 20. Qxb4 e4 21. Qxb6 e3
22. Nf3 exf2+ 23. Kxf2 Qh6 24. Ra3 Ba6 25. Kg1 Rb8 26. Qa5 Rb2 27. Bf1 Qf6 28.
Nd4 Rfb8 29. Qe1 f4 30. Ne6 Re8 31. Qa5 Nxe6 32. dxe6 Bb7 33. Qc3 Rxe6 34. Qxf6
Rxf6 35. Rad3 f3 36. R3d2 f2+ 37. Kh1 Rb4 38. a5 h5 39. h3 Ra4 40. Kh2 Rxa5 41.
h4 Re5 42. Rxd6 Rxd6 43. Rxd6 Re1 44. Rd8+ Kh7 45. Bd3+ Be4 46. Bxe4+ Rxe4 47.
Rf8 Rxh4+ 48. Kg3 Rxc4 49. Kxf2 Kg6 50. Ra8 Kf5 51. Kg3 h4+ 52. Kh3 g5 53. Rf8+
Ke5 54. Re8+ Kf6 55. Rf8+ Kg7 56. Ra8 Rc3+ 57. Kh2 Kg6 58. Ra6+ Kh5 59. Ra4 Re3
60. Rb4 Re1 61. Ra4 Rf1 62. Rb4 Rf4 63. Rxf4 gxf4 64. Kg1 Kg5 65. Kf1 Kf5 66.
Ke2 Ke5 1/2-1/2

[Event "2nd Gideon Japhet Mem Op"]
[Site "Jerusalem ISR"]
[Date "2014.07.21"]
[Round "5.5"]
[White "Alexikov, Alexander"]
[Black "Kobo, Ori"]
[Result "1/2-1/2"]
[WhiteTitle "IM"]
[BlackTitle "FM"]
[WhiteElo "2380"]
[BlackElo "2308"]
[WhiteFideId "14103958"]
[BlackFideId "2812320"]
[EventDate "2014.07.16"]

1. e4 c5 2. Nf3 Nc6 3. d4 cxd4 4. Nxd4 Nf6 5. Nc3 e5 6. Ndb5 d6 7. Bg5 a6 8. Na3
Be6 9. Nc4 Rc8 10. Bd3 Be7 11. O-O b5 12. Ne3 Nxe4 13. Nxe4 Bxg5 14. Bxb5 axb5
15. Nxd6+ Kf8 16. Nxc8 Qxc8 17. Qd3 Qb7 18. a4 bxa4 19. Rxa4 g6 20. b4 Kg7 21.
b5 Nd4 22. f4 Rd8 23. fxg5 Nf3+ 24. Rxf3 Rxd3 25. cxd3 Qxb5 26. Re4 Qb1+ 27. Kf2
h6 28. h4 Kh8 29. Nc4 Bd5 30. Nxe5 Bxe4 31. Nxf7+ Kh7 32. dxe4 Qxe4 33. g3 Qc2+
34. Kg1 hxg5 35. Nxg5+ Kg8 36. Rf2 Qd3 37. Kg2 Qd5+ 38. Kh2 Qb3 39. Nh3 Qe3 40.
Ra2 Qb3 41. Re2 Qb5 42. Rd2 Qa5 43. Rf2 Qc5 44. Rf4 Qc2+ 45. Nf2 Qe2 46. Kg2 Kg7
47. Re4 Qa2 48. Re5 Kf6 49. Rg5 Qa8+ 50. Kh3 Kf7 51. Rg4 Qa1 52. Rf4+ Kg7 53.
Ng4 Qh1+ 54. Nh2 Qc6 55. Rf2 Qd5 56. Nf3 Qf5+ 57. Kg2 Qe4 58. Ra2 Qb7 59. Rd2
Qc6 60. Rf2 Qe4 61. Rb2 Qc6 62. Rd2 Kh6 63. Kf2 Qc5+ 64. Rd4 Qc2+ 65. Ke3 Qc1+
66. Ke4 Qc2+ 67. Ke3 Qc1+ 68. Kf2 Qc2+ 69. Kf1 Qc1+ 70. Kg2 Qc2+ 71. Kf1 Qc1+
72. Ne1 Kh5 73. Rd5+ Kg4 74. Rg5+ Kh3 75. Ke2 Qb2+ 76. Kd1 Kh2 77. Nd3 Qd4 78.
Kd2 Qd6 79. g4 Kh3 80. h5 gxh5 81. gxh5 Qh6 82. Nf2+ Kh4 83. Ne4 Qe6 84. Ke3
Qxe4+ 85. Kxe4 1/2-1/2

[Event "2nd Gideon Japhet Mem Op"]
[Site "Jerusalem ISR"]
[Date "2014.07.21"]
[Round "5.6"]
[White "Birnboim, Nathan"]
[Black "Zanan, Evgeny"]
[Result "0-1"]
[WhiteTitle "IM"]
[BlackTitle "FM"]
[WhiteElo "2335"]
[BlackElo "2283"]
[WhiteFideId "2800209"]
[BlackFideId "24101940"]
[EventDate "2014.07.16"]

1. Nf3 Nf6 2. c4 g6 3. Nc3 d5 4. cxd5 Nxd5 5. Qb3 Nb6 6. Ng5 e6 7. d3 Bg7 8. h4
h6 9. Nf3 e5 10. Be3 Be6 11. Qa3 f5 12. Bxb6 cxb6 13. e4 Nc6 14. Be2 f4 15. Rd1
a6 16. O-O b5 17. Nd5 Bxd5 18. exd5 Qxd5 19. b3 O-O-O 20. Rfe1 Kb8 21. Bf1 g5
22. Qc1 g4 23. Nd2 Nd4 24. g3 Rc8 25. Qb1 Rc2 26. Bg2 f3 27. Bf1 Rhc8 28. Ne4
Bf8 29. Rc1 Bb4 30. Rxc2 Rxc2 31. Rd1 Qc6 32. Qa1 Ba3 33. Re1 Bb4 34. Rd1 Ne2+
35. Kh1 Nc3 36. a4 Nxd1 37. axb5 Nxf2+ 38. Nxf2 Qc3 39. Qxc3 Bxc3 40. Nxg4 Rc1
41. Nh2 h5 0-1

[Event "2nd Gideon Japhet Mem Op"]
[Site "Jerusalem ISR"]
[Date "2014.07.21"]
[Round "5.7"]
[White "Aharon, Ofir"]
[Black "Malisov, Boris"]
[Result "1-0"]
[WhiteTitle "FM"]
[WhiteElo "2367"]
[BlackElo "2264"]
[WhiteFideId "2800683"]
[BlackFideId "2802503"]
[EventDate "2014.07.16"]

1. e4 c6 2. d4 d5 3. e5 Na6 4. c3 Nc7 5. Bd3 g6 6. Ne2 Bg7 7. f4 h5 8. Nd2 Nh6
9. Nf1 Bf5 10. Bxf5 Nxf5 11. Qb3 Rb8 12. Bd2 e6 13. O-O-O Bf8 14. Kb1 Be7 15. h3
h4 16. Ne3 Kf8 17. Nxf5 exf5 18. g4 hxg3 19. Nxg3 b5 20. Qc2 a5 21. Be3 Rh4 22.
Rdg1 Qd7 23. Ne2 Kg7 24. Bf2 Rh6 25. Ng3 Kh7 26. h4 Rh8 27. h5 Bf8 28. Be3 Bg7
29. hxg6+ fxg6 30. Rxh6+ Bxh6 31. Qg2 Qf7 32. Nf1 Ne6 33. Qg3 Ng7 34. Nd2 Nh5
35. Qh4 b4 36. cxb4 axb4 37. Nf3 Qe6 38. Ne1 c5 39. dxc5 d4 40. Bxd4 Bxf4 41.
Nd3 Bh6 42. Nxb4 f4 43. Qg4 Qxg4 44. Rxg4 g5 45. Nd5 Re8 46. c6 Kg6 47. c7 Kf5
48. Rg1 Ke4 49. Nb6 Ng3 50. Rd1 g4 51. c8=Q Rxc8 52. Nxc8 Ne2 53. e6 Bg5 54.
Nd6+ Kd5 55. Bf6+ Kxe6 56. Bxg5 g3 57. Bxf4 Nxf4 58. Rg1 g2 59. Nc4 1-0

[Event "2nd Gideon Japhet Mem Op"]
[Site "Jerusalem ISR"]
[Date "2014.07.21"]
[Round "5.8"]
[White "Kraus, Yair"]
[Black "Gruenfeld, Yehuda"]
[Result "0-1"]
[BlackTitle "GM"]
[WhiteElo "2102"]
[BlackElo "2449"]
[WhiteFideId "2804786"]
[BlackFideId "2800020"]
[EventDate "2014.07.16"]

1. d4 Nf6 2. c4 g6 3. Nc3 Bg7 4. e4 d6 5. f4 O-O 6. Nf3 c5 7. d5 e6 8. dxe6 fxe6
9. Bd3 Nc6 10. O-O b6 11. Bd2 Bb7 12. Qe1 Qe7 13. Rd1 Rad8 14. Kh1 Nh5 15. Ng5
Nd4 16. g4 Nf6 17. Qh4 h6 18. Nh3 Nxe4 0-1

[Event "2nd Gideon Japhet Mem Op"]
[Site "Jerusalem ISR"]
[Date "2014.07.21"]
[Round "5.9"]
[White "Gershkowich, David"]
[Black "Axelrod, Arie"]
[Result "1-0"]
[WhiteTitle "FM"]
[BlackTitle "FM"]
[WhiteElo "2146"]
[BlackElo "2285"]
[WhiteFideId "2803356"]
[BlackFideId "2804867"]
[EventDate "2014.07.16"]

1. e4 c5 2. Nf3 d6 3. d4 cxd4 4. Nxd4 Nf6 5. Nc3 g6 6. Be3 Bg7 7. f3 Nc6 8. Qd2
O-O 9. Bc4 Bd7 10. Bb3 Qa5 11. O-O-O Rfc8 12. h4 Ne5 13. Kb1 Nc4 14. Bxc4 Rxc4
15. Nb3 Qc7 16. g4 Bc6 17. h5 Rxc3 18. Qxc3 Nxe4 19. Qe1 Nc3+ 20. bxc3 Bxf3 21.
hxg6 hxg6 22. Qh4 Bxd1 23. Qh7+ Kf8 24. Rxd1 g5 25. Rf1 Qc4 26. Qf5 Bxc3 27.
Bxg5 f6 28. Rh1 Qg8 29. Rh7 Ke8 30. Qb5+ Kd8 31. Qxb7 Qxh7 32. Qxa8+ Kd7 33.
Qxa7+ Ke8 34. Qa8+ Kf7 35. Qd5+ Kg7 36. Bc1 Qh3 37. Qd3 Qxd3 38. cxd3 Be1 39.
Be3 d5 40. a4 1-0

[Event "2nd Gideon Japhet Mem Op"]
[Site "Jerusalem ISR"]
[Date "2014.07.21"]
[Round "5.10"]
[White "Mindlin, Alon"]
[Black "Kali, Omer"]
[Result "0-1"]
[WhiteElo "2280"]
[BlackElo "2025"]
[WhiteFideId "2800071"]
[BlackFideId "2812436"]
[EventDate "2014.07.16"]

1. c4 Nf6 2. Nc3 e6 3. d4 Bb4 4. e3 O-O 5. Bd3 d5 6. Nf3 dxc4 7. Bxc4 c5 8. O-O
cxd4 9. exd4 b6 10. Bg5 Bb7 11. Ne5 h6 12. Bh4 Nbd7 13. Nxd7 Qxd7 14. Bxf6 gxf6
15. Qg4+ Kh7 16. d5 Bxc3 17. bxc3 Rg8 18. Qd4 Bxd5 19. f3 Rac8 20. Ba6 Rc5 21.
Qxf6 Bc4 22. Bxc4 Rxc4 23. Rad1 Qc7 24. Rd4 Rxc3 25. Rf4 Rg7 26. Rg4 Rxg4 27.
fxg4 Rc1 28. h4 Qc5+ 29. Kh1 Rxf1+ 30. Qxf1 Kg7 31. Qe2 b5 32. Qb2+ e5 33. g5
hxg5 34. Qd2 e4 35. hxg5 Qe5 36. Qe3 a5 37. Qb6 b4 38. Qh6+ Kg8 39. g6 fxg6 40.
Qxg6+ Kf8 41. Qh6+ Ke7 42. Qe3 Qa1+ 43. Kh2 Qxa2 44. Qxe4+ Kd6 45. Qd4+ Kc6 46.
Qd3 Qf2 47. Qg6+ Kb5 48. Qe8+ Kc4 49. Qe6+ Kc3 50. Qe5+ Kc2 51. Qc7+ Kb1 52.
Qxa5 b3 53. Qc3 Qf4+ 54. Kh3 b2 55. Qd3+ Ka2 56. Qd5+ Ka3 57. Qd3+ Kb4 58. g3
Qh6+ 59. Kg2 Qc6+ 60. Kh2 Qc3 61. Qe4+ Kb3 62. Kh3 Qc8+ 63. g4 Qc4 64. Qb7+ Kc2
65. Qg2+ Kc3 0-1

[Event "2nd Gideon Japhet Mem Op"]
[Site "Jerusalem ISR"]
[Date "2014.07.21"]
[Round "5.11"]
[White "Vaisberg, Michael"]
[Black "Haimovich, Tal"]
[Result "0-1"]
[BlackTitle "IM"]
[WhiteElo "2122"]
[BlackElo "2369"]
[WhiteFideId "2814315"]
[BlackFideId "2801698"]
[EventDate "2014.07.16"]

1. d4 f5 2. g3 Nf6 3. Bg2 g6 4. c4 Bg7 5. Nc3 d6 6. Nh3 O-O 7. d5 Nbd7 8. Bd2
Ne5 9. b3 Bd7 10. Rc1 c5 11. Nf4 Rb8 12. h4 a6 13. a4 Qe8 14. Qc2 Qf7 15. e3 h6
16. Nce2 b5 17. axb5 axb5 18. Nd3 Nxd3+ 19. Qxd3 Ng4 20. Bc3 bxc4 21. bxc4 Rb3
22. Rb1 Ne5 23. Qc2 Rxb1+ 24. Qxb1 Nxc4 25. O-O Bxc3 26. Nxc3 Nd2 27. Qb7 Bc8 0-1